2nd Largest City in each Australian State - Statistics

General Stats
  • This quiz has been taken 30 times
  • The average score is 5 of 7
Answer Stats
Hint Answer % Correct
Queensland Gold Coast
90%
New South Wales Newcastle
90%
Northern Territory Alice Springs
79%
Victoria Geelong
72%
Tasmania Launceston
69%
Western Australia Bunbury
48%
South Australia Mt Gambier
38%
No matching quizzes found
Score Distribution
Percent of People with Each Score
Percentile by Number Answered
Your Score History
You have not taken this quiz